000 00303nam a22001337a 4500
008 170130b xxu||||| |||| 00| 0 eng d
020 _a9780323058766
041 _aeng
080 _24TH
_a61
100 _a3
101 _aSHM
245 _aCOMPREHENSIVE CLINICAL NEPHROLOGY
_cFLOEGE, J
942 _2udc
_cBK
999 _c3941
_d3941